Evaluación de tareas
Guardat en:
| Autor corporatiu: | |
|---|---|
| Format: | Llibre |
| Idioma: | espanyol |
| Publicat: |
Ginebra
OIT
1986
|
| Matèries: | |
| Etiquetes: |
Afegir etiqueta
Sense etiquetes, Sigues el primer a etiquetar aquest registre!
|
MARC
| LEADER | 00000nam a2200000 a 4500 | ||
|---|---|---|---|
| 001 | UCX7251 | ||
| 003 | CL-VaPUC | ||
| 008 | 931202e19860000SZ |||||||||||||||||spa|d | ||
| 082 | 0 | 4 | |a 331.215 |b OFI |2 21 |
| 110 | 2 | |a Oficina Internacional del Trabajo |e author |9 324063 | |
| 245 | 1 | 0 | |a Evaluación de tareas |
| 300 | |a 234 p | ||
| 942 | |c BK | ||
| 945 | |d 19931202 00:00:00 |a mfernand | ||
| 260 | |a Ginebra |b OIT |c 1986 | ||
| 650 | 7 | |a EVALUACION DE CARGOS |2 CL-VaPUC |9 263779 | |
| 650 | 0 | |a Salarios |9 255321 | |
| 650 | 0 | |a Análisis ocupacional |9 259861 | |
| 583 | |a last modification |c 19931202 00:00:00 |k Rodrigo Vera | ||
| 999 | |c 227122 |d 227120 | ||
| 952 | |0 0 |1 0 |4 0 |6 331_215000000000000_OFI_1986 |7 0 |8 P |9 225917 |a BIBEDU |b BIBEDU |c BIBEDU_PB |d 2019-11-15 |i 294670K |o 331.215 OFI 1986 |p 294670K |r 2024-01-25 |w 2019-11-15 |y BK |k EDU | ||